[Event "Hamburg St Pauli op-B"]
[Site "Hamburg"]
[Date "2011.07.11"]
[Round "3"]
[White "Fria Alvarez, Leandro"]
[Black "Xin, Ruidi"]
[Result "1-0"]
[WhiteElo "1830"]
[BlackElo "1752"]
[PlyCount "85"]
[EventDate "2011.07.09"]
[EventType "swiss"]
[EventRounds "9"]
[EventCountry "GER"]
[SourceTitle "CBM 143 Extra"]
[Source "ChessBase"]
[SourceDate "2011.08.29"]
[SourceVersion "1"]
[SourceVersionDate "2011.08.29"]
[SourceQuality "1"]

1. e4 c5 2. c3 d6 3. d4 cxd4 4. cxd4 Nf6 5. Nc3 Nc6 6. h3 Qb6 7. Nf3 g6 8. Be2 Bg7 9. Rb1 0-0 10. Be3 d5 11. e5 Ne4 12. Nxd5 Qa5+ 13. Nc3 Bf5 14. Rc1 Nxc3 15. bxc3 Qxa2 16. Nh4 Be6 17. f4 Rfd8 18. 0-0 Qd5 19. Bf3 Qa5 20. Be4 f5 21. exf6 Bxf6 22. Nf3 Bf5 23. Bxf5 Qxf5 24. Ne5 Qe6 25. Qf3 Nxe5 26. fxe5 Bg7 27. Qxb7 Rdb8 28. Qe4 a5 29. Bf4 a4 30. d5 Qb6+ 31. Be3 Qc7 32. Bd4 a3 33. d6 exd6 34. Qd5+ Kh8 35. exd6 Bxd4+ 36. cxd4 Qg7 37. Rc7 Qh6 38. Qe5+ Kg8 39. Qe6+ Kh8 40. d7 Rf8 41. Rc8 a2 42. Rfxf8+ Qxf8 43. Qf6+ 1-0

[Event "Hamburg St Pauli op-B"]
[Site "Hamburg"]
[Date "2011.07.11"]
[Round "4"]
[White "Hall, Dean"]
[Black "Fria Alvarez, Leandro"]
[Result "1/2-1/2"]
[WhiteElo "1744"]
[BlackElo "1830"]
[PlyCount "127"]
[EventDate "2011.07.09"]
[EventType "swiss"]
[EventRounds "9"]
[EventCountry "GER"]
[SourceTitle "CBM 143 Extra"]
[Source "ChessBase"]
[SourceDate "2011.08.29"]
[SourceVersion "1"]
[SourceVersionDate "2011.08.29"]
[SourceQuality "1"]

1. e4 e6 2. d4 d5 3. Nc3 dxe4 4. Nxe4 Nd7 5. Nf3 Ngf6 6. Bd3 Nxe4 7. Bxe4 Nf6 8. Bg5 Be7 9. Bxf6 gxf6 10. c3 f5 11. Bc2 Qd5 12. Qe2 Bd7 13. Qe5 Qxe5+ 14. Nxe5 Bb5 15. f4 Bd6 16. 0-0-0 Bxe5 17. dxe5 Bc6 18. Rhg1 Ke7 19. g3 Rag8 20. Rdf1 h5 21. Bd1 h4 22. Bf3 Bxf3 23. Rxf3 hxg3 24. Rfxg3 Rxg3 25. hxg3 Rh2 26. Rd1 Rh7 27. Kc2 f6 28. exf6+ Kxf6 29. Rd2 e5 30. fxe5+ Kxe5 31. Re2+ Kf6 32. Rf2 Kg5 33. Kd2 Rf7 34. Rf4 Rh7 35. Ke3 Rh1 36. Rb4 b6 37. Rc4 Re1+ 38. Kf3 Re7 39. b4 Rh7 40. b5 Rh2 41. a4 Rh7 42. Rc6 Rd7 43. Rc4 Rd8 44. Kf2 Rd2+ 45. Ke3 Rd7 46. Rd4 Re7+ 47. Kf3 Re5 48. Rc4 Re7 49. g4 fxg4+ 50. Rxg4+ Kf5 51. Rf4+ Kg5 52. Re4 Rh7 53. Ke3 Kf5 54. Kd3 Rh3+ 55. Re3 Rh4 56. c4 Rh1 57. Kc2 Rh8 58. Re2 Kf6 59. Kd3 Rh3+ 60. Re3 Rxe3+ 61. Kxe3 Ke5 62. Kd3 Kd6 63. Kd4 c5+ 64. Ke4 1/2-1/2